La nacionalitat cataluna /

Saved in:
Bibliographic Details
Main Author: Prat de la Riba, Enric, 1870-1917
Format: Book
Language:Catalan
Published: La Cataluna : [s. n.], 1910.
Subjects:
LEADER 00956nam a2200265 i 4500
001 c000241922
003 CARM
005 00000000000000.0
008 840306s1910 sp 000 0 cat d
019 1 |a 27146197  |z 41555279  |5 LACONCORD2021 
035 |a (OCoLC)23775439  |5 LACONCORD2021 
041 0 |a cat 
043 |a e-sp--- 
082 0 4 |a 320.5409467 
100 2 |a Prat de la Riba, Enric,  |d 1870-1917. 
245 1 3 |a La nacionalitat cataluna /  |c Enrich Prat de la Riba. 
260 |a La Cataluna :  |b [s. n.],  |c 1910. 
300 |a 146p. 
500 |a Originally published 1906. 
650 0 |a Nationalism  |z Spain  |z Catalonia. 
650 0 |a Catalans  |x Ethnic identity. 
651 0 |a Catalonia (Spain)  |x Politics and government. 
852 8 |b CARM  |h A2:AR13F0  |i B06976  |p 0336509  |f BK 
999 f f |i 39762e8f-551d-5146-84d9-74c53f2c3a60  |s 4edf67ad-7f7f-5cfc-b254-33b394040b63 
952 f f |p Can circulate  |a CAVAL  |b CAVAL  |c CAVAL  |d CARM 1 Store  |e B06976  |f A2:AR13F0  |h Other scheme  |i book  |m 0336509